Country by their colony (modern) - Statistics

General Stats
  • This quiz has been taken 57 times
  • The average score is 12 of 15
Answer Stats
Colony/corresponding Country % Correct
Greenland Denmark
98%
French-Guiana France
94%
Falkland islands United kingdom
94%
****** Polynesia France
89%
Gibraltar United kingdom
89%
****** Virgin isles United kingdom
89%
Guam USA
89%
Puerto Rico USA
87%
Bermuda United kingdom
85%
Western Sahara Morocco
80%
******** Samoa USA
78%
Saint Helena United kingdom
76%
Quadeloupe France
72%
Rio de Oro Spain
69%
Tokelau New Zealand
50%
No matching quizzes found
Score Distribution
Percent of People with Each Score
Percentile by Number Answered
Your Score History
You have not taken this quiz